000 00661nab a2200241 a 4500
001 70231
003 144201
005 20201118110752.0
008 ||||||n9999 ||| || ||
041 _aspa
100 _aAzqueta Oyarzun, Diego
245 0 _aVentajas comparativas y explotacion de los recursos ambientales
260 _aChile :
_bNAUNI,
_c1999.
300 _app.115-134
562 _e0
650 _aCOMPETITIVIDAD
650 _aDESARROLLO ECONÓMICO
650 _aEXPLOTACION DE RECURSOS NATURALES
650 _aRECURSOS NATURALES
650 _aVENTAJA COMPARATIVA
773 _069712
_aRevista de la CEPAL - No.68 :
942 _cSART
999 _c70231
_d70231